00554nam a22001817a 4500003001100000005001700011008004100028040003900069041000800108082001500116100002200131245007500153260004900228300001000277650002200287650003000309700003300339LK-CoMWRAF20240319145007.0240319b1994 |||||||| |||| 00| 0 eng d aLK-CoMWRAFdLK-CoMWRAFeLK-CoMWRAF aeng a331.4bWAN aWan, Cheung, Choi aAs women, as workers:ba cartoon book for Asian workers and organisers aHong Kong:bCommittee for Asian women,c1994 a63 p. aWOMEN LABOUR-Asia aWomen workers-Caricatures aJittidejarak, Trasvineills.